| 000 | 00988nam a2200289Ia 4500 | ||
|---|---|---|---|
| 001 | F0096 | ||
| 003 | IT-RoPAU | ||
| 008 | 130308s9999 xx 000 0 und d | ||
| 040 | _aIT-RoPAU | ||
| 040 | _cIT-RoPAU | ||
| 041 | _aINGLESE | ||
| 100 | _aGreen Nicola | ||
| 100 | _gCodice Aut. SPICS: 49964 | ||
| 245 | _aBeyond Being Digital: Representation and Virtual Corporeality | ||
| 245 | _bVirtual Politics - Identity & Community in Cyberspace | ||
| 250 | _a1a ed. | ||
| 260 | _aLONDON | ||
| 260 | _bSage Publications Ltd | ||
| 260 | _c1997 [1° Ed.:1997 - Ed.Ling.Originale:1997] | ||
| 300 | _a"20 p. (prefazione: no ; testo: 20 [pagine: 59-78])" | ||
| 500 | _aOltre Essere Digitali: rappresentazione e Corporalità Virtuale. Cancellare Fisicità nel Mondo Virtuale. Analizzare corpi Virtuali. fenomenologia della Virtualita'. | ||
| 650 | _aSOCIOLOGIA DELLA COMUNICAZIONE SOCIALE | ||
| 650 | _eCodice materia Spics: 3806 | ||
| 942 | _cBK | ||
| 957 | _71 | ||
| 999 |
_c80071 _d80071 |
||
| 999 | _g1 | ||